<?xml version="1.0" encoding="UTF-8"?>
<collection xmlns="http://www.loc.gov/MARC21/slim">
 <record>
  <leader>01842nam a2200193Ia 4500</leader>
  <controlfield tag="001">TDMU_26348</controlfield>
  <controlfield tag="008">210410s9999    xx            000 0 und d</controlfield>
  <datafield tag="082" ind1=" " ind2=" ">
   <subfield code="a">690.8314</subfield>
  </datafield>
  <datafield tag="090" ind1=" " ind2=" ">
   <subfield code="b">NG527</subfield>
  </datafield>
  <datafield tag="100" ind1=" " ind2=" ">
   <subfield code="a">Nguyễn, Hoàng Nhân</subfield>
  </datafield>
  <datafield tag="245" ind1=" " ind2="0">
   <subfield code="a">Chung cư Nam Tân Uyên</subfield>
  </datafield>
  <datafield tag="245" ind1=" " ind2="0">
   <subfield code="c">Nguyễn Hoàng Nhân; ThS. Phan Thành Nhân, ThS. Nguyễn Viết Hùng (h.dẫn)</subfield>
  </datafield>
  <datafield tag="260" ind1=" " ind2=" ">
   <subfield code="a">Bình Dương, 2015</subfield>
  </datafield>
  <datafield tag="300" ind1=" " ind2=" ">
   <subfield code="a">392tr.</subfield>
  </datafield>
  <datafield tag="520" ind1=" " ind2=" ">
   <subfield code="a">Đồ án tốt nghiệp Đại học trường Đại học Thủ Dầu Một, 2011 - 2015; Đồ án gồm: Phần 1 Kiến trúc: Chương 1. Tổng quan về thiết kế cấu trúc nhà cao tầng. Chương 2. Lựa chọn giải pháp kết cấu. Chương 3. Tính toán sàn tầng điển hình. Chương 4. Tính toán và cấu tạo cầu thang. Chương 5. Tính toán và cấu tạo hồ nước mái. Chương 6. Đặc trưng động học công trình. Chương 7 Tính toán và bố trí thép khung trục 6. Chương 8. Tính toán móng cho khung trục 6; Phần 2: Chương 1 Khái quát về công trình. Chương 2. Thi công ép cọc. Chương 3. Thi công ép cừ thép và đào đất. Chương 4. Thiết kế biện pháp thi công đổ bê tông lót móng và đài móng điển hình. Chương 5 Thiết kế biện pháp thi công cột, dầm sàn. Chương 6. An toàn lao động</subfield>
  </datafield>
  <datafield tag="650" ind1=" " ind2=" ">
   <subfield code="a">Đồ án tốt nghiệp; Xây dựng</subfield>
   <subfield code="x">Chung cư Nam Tân Uyên</subfield>
   <subfield code="z">Bình Dương</subfield>
  </datafield>
  <datafield tag="700" ind1=" " ind2=" ">
   <subfield code="a">Nguyễn Minh Hùng</subfield>
  </datafield>
  <datafield tag="856" ind1=" " ind2=" ">
   <subfield code="u">http://lrc.tdmu.edu.vn/opac/search/detail.asp?aID=2&amp;ID=26348</subfield>
  </datafield>
  <datafield tag="980" ind1=" " ind2=" ">
   <subfield code="a">Trung tâm Học liệu Trường Đại học Thủ Dầu Một</subfield>
  </datafield>
 </record>
</collection>
